[Event "Quebec Montcalm op 7 2018-19"]
[Site "Quebec"]
[Date "2019.04.25"]
[Round "1"]
[White "Auger, Bertrand"]
[Black "Fleury, Dominic"]
[Result "1-0"]
[WhiteElo "1925"]
[BlackElo "1372"]
[PlyCount "47"]
[EventDate "2019.04.25"]
[EventType "swiss"]
[EventRounds "5"]
[EventCountry "CAN"]
[SourceTitle "EXT 2022"]
[Source "ChessBase"]
[SourceDate "2021.10.06"]
[SourceVersion "1"]
[SourceVersionDate "2021.10.06"]
[SourceQuality "1"]

1. Nf3 Nf6 2. g3 d5 3. Bg2 Nc6 4. d4 Bf5 5. 0-0 e6 6. c4 Bd6 7. Nc3 dxc4 8. Bg5 Be7 9. Ne5 Nd5 10. Nxc6 bxc6 11. e4 Nxc3 12. bxc3 Bxg5 13. exf5 0-0 14. fxe6 Qd6 15. exf7+ Rxf7 16. d5 Raf8 17. dxc6 Qc5 18. Qd5 Qb6 19. Rab1 Qa6 20. Qxg5 Rxf2 21. Rxf2 Rxf2 22. Rb8+ Rf8 23. Bd5+ Kh8 24. Rxf8# 1-0

[Event "Quebec Montcalm op 3 2018-19"]
[Site "Quebec"]
[Date "2018.12.06"]
[Round "4"]
[White "Auger, Bertrand"]
[Black "Cummins, Paul"]
[Result "1-0"]
[WhiteElo "1902"]
[BlackElo "1745"]
[PlyCount "99"]
[EventDate "2018.11.15"]
[EventType "swiss"]
[EventRounds "5"]
[EventCountry "CAN"]
[SourceTitle "EXT 2022"]
[Source "ChessBase"]
[SourceDate "2021.10.06"]
[SourceVersion "1"]
[SourceVersionDate "2021.10.06"]
[SourceQuality "1"]

1. Nf3 Nf6 2. g3 d5 3. Bg2 e6 4. 0-0 Bd6 5. c4 dxc4 6. Na3 c6 7. Nxc4 Bc7 8. b3 0-0 9. Ba3 Re8 10. Rc1 e5 11. d4 e4 12. Nfe5 Bf5 13. Ne3 Be6 14. N5c4 Na6 15. Qc2 Qd7 16. Rfd1 Bh3 17. Bh1 Qe6 18. Qb2 h5 19. b4 h4 20. b5 hxg3 21. hxg3 cxb5 22. Qxb5 Ng4 23. d5 Qg6 24. d6 Nxe3 25. Nxe3 Bb6 26. Rc3 Red8 27. Bg2 Be6 28. Qe5 f5 29. Nd5 Qf7 30. g4 fxg4 31. Nxb6 axb6 32. Bxe4 Nc5 33. Bxc5 bxc5 34. Rxc5 Rd7 35. Bd5 Bxd5 36. Qxd5 Qxd5 37. Rcxd5 Rxa2 38. e4 Ra6 39. e5 Kf7 40. R1d4 Ke6 41. Rb5 Ra1+ 42. Kg2 Re1 43. Rdd5 g6 44. Kg3 Rf1 45. Rdc5 g5 46. Rc7 Rg1+ 47. Kh2 Rd1 48. Rbxb7 Rxc7 49. dxc7 Kd7 50. e6+ 1-0

[Event "Quebec Montcalm op 1 2018-19"]
[Site "Quebec"]
[Date "2018.10.04"]
[Round "5"]
[White "Sarra Bournet, Marc"]
[Black "Auger, Bertrand"]
[Result "1-0"]
[WhiteElo "1874"]
[BlackElo "1909"]
[PlyCount "63"]
[EventDate "2018.09.06"]
[EventType "swiss"]
[EventRounds "5"]
[EventCountry "CAN"]
[SourceTitle "EXT 2022"]
[Source "ChessBase"]
[SourceDate "2021.10.06"]
[SourceVersion "1"]
[SourceVersionDate "2021.10.06"]
[SourceQuality "1"]

1. e4 e6 2. d4 d5 3. Nd2 c5 4. c3 Nc6 5. Ngf3 Nf6 6. e5 Nd7 7. Be2 Be7 8. 0-0 0-0 9. Re1 cxd4 10. cxd4 f6 11. Bd3 fxe5 12. dxe5 Qb6 13. Nb3 Ndxe5 14. Nxe5 Nxe5 15. Rxe5 Qxf2+ 16. Kh1 d4 17. Rh5 g6 18. Rxh7 Bd6 19. Rh6 Bd7 20. Rxg6+ Kf7 21. Bh6 Qh4 22. g3 Bc6+ 23. Kg1 Bxg3 24. Rxg3 Qxh6 25. Bg6+ Ke7 26. Qxd4 Rf4 27. Qc5+ Kf6 28. Re1 Bd5 29. Qc3+ Ke7 30. Qc7+ Kf8 31. Qd6+ Kg8 32. Be4+ 1-0

[Event "Quebec op"]
[Site "Quebec"]
[Date "2018.07.27"]
[Round "8"]
[White "Auger, Bertrand"]
[Black "Poulin, Maurice"]
[Result "0-1"]
[WhiteElo "1935"]
[BlackElo "1970"]
[PlyCount "72"]
[EventDate "2018.07.21"]
[EventType "swiss"]
[EventRounds "9"]
[EventCountry "CAN"]
[SourceTitle "CBM 186 Extra"]
[Source "ChessBase"]
[SourceDate "2018.08.24"]
[SourceVersion "1"]
[SourceVersionDate "2018.08.24"]
[SourceQuality "1"]

1. Nf3 c5 2. c4 Nc6 3. g3 g6 4. Bg2 Bg7 5. Nc3 e6 6. 0-0 Nge7 7. a3 0-0 8. e3 d5 9. d4 cxd4 10. exd4 dxc4 11. Bg5 Re8 12. Ne4 Nxd4 13. Nf6+ Bxf6 14. Bxf6 Nxf3+ 15. Bxf3 Qxd1 16. Rfxd1 Nd5 17. Bd4 Bd7 18. a4 Rec8 19. Be5 Bc6 20. Be2 Nb6 21. a5 Nd7 22. Bc3 Bd5 23. h4 Nc5 24. h5 Ne4 25. hxg6 fxg6 26. Rd4 Nxc3 27. bxc3 Rc5 28. Ra4 Rac8 29. Bg4 R8c6 30. Be2 Kg7 31. Rd1 Kf6 32. Rb1 Ra6 33. Rbb4 Raxa5 34. Rxa5 Rxa5 35. Bxc4 Ra1+ 36. Bf1 b5 0-1

[Event "Quebec op"]
[Site "Quebec"]
[Date "2018.07.22"]
[Round "2"]
[White "Bouton, Christophe"]
[Black "Auger, Bertrand"]
[Result "1-0"]
[WhiteElo "2016"]
[BlackElo "1935"]
[PlyCount "57"]
[EventDate "2018.07.21"]
[EventType "swiss"]
[EventRounds "9"]
[EventCountry "CAN"]
[SourceTitle "CBM 186 Extra"]
[Source "ChessBase"]
[SourceDate "2018.08.24"]
[SourceVersion "1"]
[SourceVersionDate "2018.08.24"]
[SourceQuality "1"]

1. c4 c5 2. g3 Nc6 3. Bg2 Nf6 4. Nf3 g6 5. Nc3 Bg7 6. 0-0 0-0 7. d4 cxd4 8. Nxd4 Nxd4 9. Qxd4 d6 10. Qd3 Nd7 11. b3 Ne5 12. Qd2 Rb8 13. Bb2 Bd7 14. Rad1 Bc6 15. Nd5 Re8 16. Bd4 e6 17. Nc3 Bxg2 18. Kxg2 a6 19. h3 Qa5 20. f4 Bh6 21. Ne4 Qxd2 22. Nf6+ Kf8 23. Rxd2 Rec8 24. e3 Nc6 25. Nd7+ Ke7 26. Nxb8 Rxb8 27. Bb6 Rc8 28. Rfd1 e5 29. Rxd6 1-0

[Event "Canadian op"]
[Site "Quebec"]
[Date "2018.07.08"]
[Round "3"]
[White "Auger, Bertrand"]
[Black "Tanaka, Taira Tyler"]
[Result "0-1"]
[WhiteElo "1935"]
[BlackElo "2054"]
[PlyCount "106"]
[EventDate "2018.07.07"]
[EventType "swiss"]
[EventRounds "9"]
[EventCountry "CAN"]
[SourceTitle "CBM 185 Extra"]
[Source "ChessBase"]
[SourceDate "2018.07.29"]
[SourceVersion "1"]
[SourceVersionDate "2018.07.29"]
[SourceQuality "1"]

1. Nf3 Nf6 2. g3 g6 3. b4 Bg7 4. Bb2 0-0 5. Bg2 d6 6. 0-0 e5 7. d3 a5 8. a3 e4 9. dxe4 Nxe4 10. Bxg7 Kxg7 11. Qd4+ Qf6 12. Qxf6+ Nxf6 13. Nbd2 Re8 14. e3 Nc6 15. b5 Ne5 16. h3 Nxf3+ 17. Nxf3 Ne4 18. c4 Bd7 19. Rfd1 Re7 20. Rac1 Rae8 21. Nd4 b6 22. Nb3 Nxg3 23. fxg3 Rxe3 24. Nd4 Rxg3 25. Kf2 Rxa3 26. Re1 Rxe1 27. Rxe1 Kf6 28. h4 Be6 29. Bd5 Bxd5 30. cxd5 Rc3 31. Re8 Rc5 32. Ke3 Rxd5 33. Kd3 Rc5 34. Rh8 h6 35. Rc8 Kg7 36. Re8 g5 37. h5 g4 38. Rc8 Kf6 39. Ke4 Kg5 40. Rg8+ Kxh5 41. Nf5 Rxb5 42. Kf4 Rb4+ 43. Kg3 f6 44. Kg2 Rb2+ 45. Kg1 Rb5 46. Ng3+ Kh4 47. Kf2 f5 48. Rg6 Rb2+ 49. Ne2 f4 50. Kf1 f3 51. Nd4 Kg3 52. Nf5+ Kf4 53. Nxh6 Rb1+ 0-1

[Event "Ste Foy Jeudi 1"]
[Site "Ste Foy"]
[Date "2018.06.14"]
[Round "1"]
[White "Michaud, Jacques"]
[Black "Auger, Bertrand"]
[Result "0-1"]
[WhiteElo "1593"]
[BlackElo "1956"]
[PlyCount "64"]
[EventDate "2018.06.14"]
[EventType "swiss"]
[EventRounds "5"]
[EventCountry "CAN"]
[SourceTitle "EXT 2022"]
[Source "ChessBase"]
[SourceDate "2021.10.06"]
[SourceVersion "1"]
[SourceVersionDate "2021.10.06"]
[SourceQuality "1"]

1. d4 Nf6 2. c4 e6 3. Nc3 Bb4 4. a3 Bxc3+ 5. bxc3 0-0 6. Bg5 c5 7. Qc2 h6 8. Bh4 Nc6 9. Nf3 cxd4 10. Nxd4 Ne5 11. e4 d5 12. cxd5 exd5 13. Rd1 Ng6 14. Bxf6 Qxf6 15. Be2 Nf4 16. Bf3 Re8 17. 0-0 dxe4 18. Bxe4 Rb8 19. Rfe1 Bg4 20. f3 Bd7 21. Bh7+ Kh8 22. Be4 Be6 23. Nxe6 Nxe6 24. Qa4 Qxc3 25. Qxa7 Nc5 26. Rc1 Qd4+ 27. Kf1 Rbc8 28. Bxb7 Rxe1+ 29. Rxe1 Qd3+ 30. Kg1 Qd4+ 31. Kf1 Qd7 32. Re7 Qxe7 0-1

[Event "Montreal Pere Noel"]
[Site "Montreal"]
[Date "2017.12.28"]
[Round "2.14"]
[White "Auger, Bertrand"]
[Black "Brassard, Sylvain"]
[Result "1-0"]
[WhiteElo "1934"]
[BlackElo "1829"]
[PlyCount "77"]
[EventDate "2017.12.27"]
[EventType "swiss"]
[EventRounds "5"]
[EventCountry "CAN"]
[SourceTitle "EXT 2022"]
[Source "ChessBase"]
[SourceDate "2021.10.06"]
[SourceVersion "1"]
[SourceVersionDate "2021.10.06"]
[SourceQuality "1"]

1. Nf3 d5 2. g3 Nf6 3. Bg2 c6 4. 0-0 Bg4 5. b3 Nbd7 6. Bb2 e6 7. d3 Be7 8. Nbd2 0-0 9. c4 Re8 10. Qc2 Rc8 11. Rfe1 h6 12. Rac1 Bf5 13. a3 Qb6 14. b4 Ng4 15. c5 Qc7 16. e4 dxe4 17. dxe4 Bh7 18. Nc4 b5 19. cxb6 Nxb6 20. h3 Nxc4 21. Qxc4 Nf6 22. Ne5 c5 23. b5 Qb6 24. Bc3 Bd6 25. Rcd1 Bxe5 26. Bxe5 Red8 27. Bc3 Rxd1 28. Rxd1 Rd8 29. Rxd8+ Qxd8 30. Qe2 Qe7 31. a4 e5 32. Qc4 Kf8 33. Bd2 Bg8 34. Be3 Nd7 35. Qd5 Nb6 36. Qxc5 Qxc5 37. Bxc5+ Ke8 38. a5 Nc4 39. a6 1-0

[Event "Quebec Montcalm op 3 2017-18"]
[Site "Quebec"]
[Date "2017.11.23"]
[Round "2"]
[White "Auger, Bertrand"]
[Black "Lessard, Claude"]
[Result "0-1"]
[WhiteElo "1932"]
[BlackElo "2121"]
[PlyCount "72"]
[EventDate "2017.11.16"]
[EventType "swiss"]
[EventRounds "5"]
[EventCountry "CAN"]
[SourceTitle "EXT 2022"]
[Source "ChessBase"]
[SourceDate "2021.10.06"]
[SourceVersion "1"]
[SourceVersionDate "2021.10.06"]
[SourceQuality "1"]

1. d4 c5 2. Nf3 cxd4 3. Nxd4 b6 4. e4 Bb7 5. Nc3 e6 6. Bd3 Nc6 7. Nxc6 dxc6 8. 0-0 Nf6 9. Qe2 a5 10. a3 Nd7 11. Be3 Be7 12. f4 e5 13. f5 0-0 14. Rfd1 b5 15. Qf2 Qc7 16. Be2 b4 17. Na4 c5 18. Rxd7 Qxd7 19. Nb6 Qc7 20. Nxa8 Rxa8 21. Qg3 Kh8 22. Bc4 Bxe4 23. Bxf7 Rf8 24. Be6 Bxc2 25. Qf2 b3 26. g4 c4 27. Re1 c3 28. bxc3 Qxc3 29. Qd2 Qxd2 30. Bxd2 Bxa3 31. Bxa5 Bc5+ 32. Kg2 Bd4 33. Bb4 Ra8 34. Be7 h6 35. f6 gxf6 36. Bxf6+ Kh7 0-1

[Event "Quebec Montcalm op 1 2017-18"]
[Site "Quebec"]
[Date "2017.09.28"]
[Round "4"]
[White "Sarra Bournet, Marc"]
[Black "Auger, Bertrand"]
[Result "0-1"]
[WhiteElo "1767"]
[BlackElo "1946"]
[PlyCount "142"]
[EventDate "2017.09.07"]
[EventType "swiss"]
[EventRounds "5"]
[EventCountry "CAN"]
[SourceTitle "EXT 2022"]
[Source "ChessBase"]
[SourceDate "2021.10.06"]
[SourceVersion "1"]
[SourceVersionDate "2021.10.06"]
[SourceQuality "1"]

1. e4 e6 2. d4 d5 3. Nd2 c5 4. Ngf3 Nc6 5. c3 Nf6 6. e5 Nd7 7. Bd3 Be7 8. 0-0 0-0 9. Re1 Qc7 10. Nf1 f6 11. exf6 Nxf6 12. Ng3 Bd7 13. Ng5 cxd4 14. Nh5 g6 15. Nxf6+ Rxf6 16. Nxh7 Kg7 17. Nxf6 Bxf6 18. cxd4 Rh8 19. h3 Rh4 20. Qc2 Qd6 21. Bxg6 Nxd4 22. Qd3 Bb5 23. Qg3 Qxg3 24. fxg3 Rh8 25. Bb1 Ne2+ 26. Rxe2 Bxe2 27. Bc2 Rc8 28. Bb3 Bd4+ 29. Kh2 Rf8 30. Bf4 Bb5 31. Re1 Kf6 32. Bc1 Bf2 33. Rd1 Rc8 34. Bf4 d4 35. a4 Be2 36. Rd2 d3 37. Bd1 Be1 38. Rxe2 dxe2 39. Bxe2 Rc2 40. Bd3 Rxb2 41. h4 Bc3 42. Bg5+ Kf7 43. h5 Bf6 44. Bf4 Rb4 45. Bc2 Rc4 46. Bd1 Rd4 47. Bc2 b6 48. Kh3 Rc4 49. Bd1 Rd4 50. Bc2 Rc4 51. Bd1 a6 52. Be3 b5 53. axb5 axb5 54. Bf4 b4 55. Bd6 Rd4 56. Bxb4 Rxb4 57. g4 Bg5 58. Bf3 Kf6 59. Kg3 e5 60. Kf2 e4 61. Be2 Ke5 62. g3 Kd4 63. Bf1 Rb2+ 64. Be2 Rb1 65. Bf1 Rb2+ 66. Be2 Be3+ 67. Kf1 Kc3 68. Ke1 Rb1+ 69. Bd1 Kd3 70. g5 Bxg5 71. g4 e3 0-1

[Event "Quebec Montcalm op 1 2017-18"]
[Site "Quebec"]
[Date "2017.09.14"]
[Round "2"]
[White "Hebert, Marc"]
[Black "Auger, Bertrand"]
[Result "0-1"]
[WhiteElo "1474"]
[BlackElo "1946"]
[PlyCount "40"]
[EventDate "2017.09.07"]
[EventType "swiss"]
[EventRounds "5"]
[EventCountry "CAN"]
[SourceTitle "EXT 2022"]
[Source "ChessBase"]
[SourceDate "2021.10.06"]
[SourceVersion "1"]
[SourceVersionDate "2021.10.06"]
[SourceQuality "1"]

1. d4 Nf6 2. Nf3 b6 3. e3 Bb7 4. Bd3 e6 5. 0-0 Be7 6. Nbd2 0-0 7. c3 d6 8. Ng5 Nbd7 9. f4 h6 10. Nh3 e5 11. e4 Re8 12. Qc2 Bf8 13. fxe5 dxe5 14. d5 c6 15. c4 Rc8 16. Re1 cxd5 17. exd5 Bxd5 18. Qa4 Nc5 19. Qc2 Nxd3 20. Qxd3 Bc5+ 0-1

[Event "Quebec Montcalm op 1 2017-18"]
[Site "Quebec"]
[Date "2017.09.07"]
[Round "1"]
[White "Auger, Bertrand"]
[Black "Levesque Duchesne, Merlin"]
[Result "0-1"]
[WhiteElo "1946"]
[BlackElo "1697"]
[PlyCount "168"]
[EventDate "2017.09.07"]
[EventType "swiss"]
[EventRounds "5"]
[EventCountry "CAN"]
[SourceTitle "EXT 2022"]
[Source "ChessBase"]
[SourceDate "2021.10.06"]
[SourceVersion "1"]
[SourceVersionDate "2021.10.06"]
[SourceQuality "1"]

1. Nf3 d5 2. g3 Nf6 3. Bg2 g6 4. b4 Bg7 5. Bb2 0-0 6. d3 Nbd7 7. Nbd2 Re8 8. c4 e5 9. cxd5 e4 10. dxe4 Nxe4 11. Bxg7 Kxg7 12. Nxe4 Rxe4 13. Nd4 Re8 14. 0-0 Nf6 15. Qb3 Ne4 16. Ne6+ Bxe6 17. Bxe4 Bh3 18. Bg2 Bxg2 19. Kxg2 Rxe2 20. Rae1 Qe7 21. Rxe2 Qxe2 22. Qc3+ Kg8 23. Re1 Qb5 24. Qe5 Qxb4 25. Re4 Qd6 26. Qxd6 cxd6 27. Re7 Rb8 28. h4 Kf8 29. Rc7 a5 30. Kf3 b5 31. Ra7 a4 32. Kf4 Re8 33. Rb7 Re2 34. f3 Rb2 35. a3 b4 36. axb4 a3 37. Ra7 Rxb4+ 38. Ke3 Rb3+ 39. Ke4 h6 40. g4 Rb4+ 41. Ke3 Rb3+ 42. Ke4 Ke8 43. Kf4 g5+ 44. hxg5 hxg5+ 45. Ke4 Rc3 46. Kf5 Rxf3+ 47. Kxg5 Rd3 48. Kf6 Rf3+ 49. Kg5 Rd3 50. Kf6 Rf3+ 51. Kg5 Kf8 52. Kh6 Rd3 53. Ra5 Ke7 54. Kg5 a2 55. Ra7+ Kf8 56. Rxa2 Rxd5+ 57. Kf4 Ke7 58. Ke4 Ke6 59. Ra8 Rd1 60. Re8+ Kf6 61. Kf4 Rf1+ 62. Kg3 d5 63. Kg2 Rc1 64. Rd8 Ke6 65. Kf2 Rc4 66. Rg8 Re4 67. Kf3 Ke5 68. Re8+ Kd4 69. Rd8 Re7 70. g5 Kc4 71. Rd6 d4 72. g6 fxg6 73. Rxg6 d3 74. Kf2 d2 75. Rc6+ Kd5 76. Rc8 Kd4 77. Rd8+ Kc3 78. Rc8+ Kd3 79. Rd8+ Kc2 80. Rc8+ Kd1 81. Rc6 Rf7+ 82. Kg2 Rf4 83. Rc8 Ke2 84. Re8+ Kd3 0-1

[Event "Trois-Riveres op"]
[Site "Trois Rivieres"]
[Date "2017.03.19"]
[Round "4.6"]
[White "Auger, Bertrand"]
[Black "Poulin, Mathieu"]
[Result "1/2-1/2"]
[WhiteElo "1966"]
[BlackElo "2248"]
[PlyCount "72"]
[EventDate "2017.03.17"]
[EventType "swiss"]
[EventRounds "5"]
[EventCountry "CAN"]
[SourceTitle "EXT 2022"]
[Source "ChessBase"]
[SourceDate "2021.10.06"]
[SourceVersion "1"]
[SourceVersionDate "2021.10.06"]
[SourceQuality "1"]

1. Nf3 d5 2. g3 Nf6 3. Bg2 e6 4. c4 Be7 5. 0-0 0-0 6. d4 dxc4 7. Ne5 c5 8. dxc5 Bxc5 9. Nc3 Nfd7 10. Nxc4 Nc6 11. Ne4 Be7 12. Ned6 Nb6 13. Nxc8 Rxc8 14. Qxd8 Rfxd8 15. Nxb6 axb6 16. Be3 Bc5 17. Bxc5 bxc5 18. Bxc6 Rxc6 19. Rfd1 Rcd6 20. Rxd6 Rxd6 21. Rc1 b6 22. b4 Rc6 23. bxc5 bxc5 24. Kg2 Kf8 25. Kf3 Ke7 26. Ke4 Ra6 27. Rxc5 Rxa2 28. Kf3 Kf6 29. h4 h6 30. g4 Ra1 31. Kg3 Re1 32. e3 Rg1+ 33. Kf3 Rh1 34. Kg3 Rg1+ 35. Kf3 Kg6 36. e4 Rh1 1/2-1/2

[Event "Quebec Montcalm op 5 2016-17"]
[Site "Quebec"]
[Date "2017.03.16"]
[Round "5"]
[White "Auger, Bertrand"]
[Black "Fecteau, Martin"]
[Result "0-1"]
[WhiteElo "1982"]
[BlackElo "1903"]
[PlyCount "112"]
[EventDate "2017.02.16"]
[EventType "swiss"]
[EventRounds "5"]
[EventCountry "CAN"]
[SourceTitle "EXT 2022"]
[Source "ChessBase"]
[SourceDate "2021.10.06"]
[SourceVersion "1"]
[SourceVersionDate "2021.10.06"]
[SourceQuality "1"]

1. Nf3 d5 2. g3 c5 3. Bg2 Nf6 4. 0-0 e6 5. c4 d4 6. d3 Nc6 7. a3 a5 8. b3 e5 9. e3 Be7 10. exd4 exd4 11. Re1 0-0 12. Ra2 h6 13. Rae2 Bd6 14. Nbd2 Bf5 15. Ne4 Nxe4 16. dxe4 Bg4 17. e5 Be7 18. h3 Be6 19. Qd3 Qd7 20. g4 a4 21. Nd2 axb3 22. f4 g6 23. Rf1 f5 24. exf6 Rxf6 25. Rxe6 Rxe6 26. Bd5 Kg7 27. Bxe6 Qxe6 28. Nf3 Qd6 29. Qxb3 Qc7 30. Qd3 Rf8 31. Kg2 Bd8 32. Re1 Qd6 33. Ne5 g5 34. Nxc6 Qxc6+ 35. Qf3 Qxf3+ 36. Kxf3 gxf4 37. Re5 b6 38. Rd5 Bg5 39. Rd6 Rb8 40. Bd2 Ra8 41. Ke4 Rxa3 42. h4 Bxh4 43. Bxf4 Bg5 44. Be5+ Kf7 45. Rd7+ Ke8 46. Rd5 Rc3 47. Kf5 Re3 48. Rd6 d3 49. Rxb6 Re2 50. Rb8+ Kd7 51. Rb7+ Kc6 52. Rb3 d2 53. Rd3 Re1 54. Rd6+ Kb7 55. Rd7+ Kc8 56. Rc7+ Kd8 0-1

[Event "Quebec Montcalm op 5 2016-17"]
[Site "Quebec"]
[Date "2017.03.02"]
[Round "3"]
[White "Genest, Dominic"]
[Black "Auger, Bertrand"]
[Result "1/2-1/2"]
[WhiteElo "1688"]
[BlackElo "1982"]
[PlyCount "119"]
[EventDate "2017.02.16"]
[EventType "swiss"]
[EventRounds "5"]
[EventCountry "CAN"]
[SourceTitle "EXT 2022"]
[Source "ChessBase"]
[SourceDate "2021.10.06"]
[SourceVersion "1"]
[SourceVersionDate "2021.10.06"]
[SourceQuality "1"]

1. c4 Nf6 2. g3 e6 3. Bg2 d5 4. Nf3 Be7 5. 0-0 0-0 6. b3 b6 7. Bb2 Bb7 8. d3 c5 9. e3 Nc6 10. Nc3 d4 11. Ne2 dxe3 12. fxe3 Ng4 13. Qd2 Bf6 14. Bxf6 Qxf6 15. Nf4 Rad8 16. Rad1 Rd7 17. d4 Qh6 18. d5 Nce5 19. e4 Nxf3+ 20. Bxf3 Ne5 21. Bg2 Ng4 22. Bf3 Ne5 23. Nd3 Qxd2 24. Rxd2 Nxd3 25. Rxd3 exd5 26. exd5 Re8 27. Kf2 Rd6 28. Re3 Rxe3 29. Kxe3 Bc8 30. Kf4 f6 31. Re1 Kf8 32. Bg4 g5+ 33. Kf3 f5 34. Bh5 Bd7 35. h3 Rh6 36. g4 fxg4+ 37. Bxg4 Rf6+ 38. Kg2 Be8 39. Kg3 Bg6 40. Bf3 Rf4 41. Re5 Rf5 42. Re6 Bf7 43. Re4 Rf6 44. Re2 h6 45. Be4 Ke7 46. Bg6+ Kf8 47. Bxf7 Kxf7 48. Rf2 h5 49. Rxf6+ Kxf6 50. Kf3 Kf5 51. Ke3 Ke5 52. Kf2 Kf6 53. Kg3 Ke5 54. a3 a6 55. Kf3 Kf5 56. Kg3 Ke5 57. a4 a5 58. Kf3 Kf5 59. Ke3 Ke5 60. Kf3 1/2-1/2